[Event "AUTO-INT-3941"]
[Site "http://www.queenalice.com/game.php?id=1861281"]
[Date "2025.8.7"]
[Round "1"]
[White "renet54"]
[Black "flanny"]
[Result "1-0"]
[WhiteElo "1619"]
[BlackElo "1580"]

1. e4 e5 2. Nc3 b6 3. d3 h6 4. Nf3 Nc6 5. Be2 Nf6 6. O-O d5 7. exd5 Nxd5 8. Re1
Bc5 9. d4 Bxd4 10. Nxd5 Qxd5 11. Nxd4 Nxd4 12. c4 Nxe2+ 13. Qxe2 Qc6 14. Qxe5+
Be6 15. Qxg7 Rf8 16. Bxh6 Ke7 17. Rad1 Rg8 18. Bg5+ 1-0

[Event "AUTO-INT-3941"]
[Site "http://www.queenalice.com/game.php?id=1861282"]
[Date "2025.8.7"]
[Round "1"]
[White "flanny"]
[Black "renet54"]
[Result "1-0"]
[WhiteElo "1566"]
[BlackElo "1633"]

1. e4 e5 2. Nf3 Nf6 3. Nc3 Bc5 4. Bc4 Nc6 5. Ng5 d5 6. exd5 Bf5 7. dxc6 bxc6 8.
Nxf7 Qd4 9. Qf3 Bg4 10. Qxc6+ Ke7 11. Qxc7+ Nd7 12. Nd5+ Kxf7 13. Ne3+ Kg6 14.
c3 Bb6 15. cxd4 exd4 16. Qd6+ Kh5 17. Bf7+ g6 18. Nxg4 Kxg4 19. Qxd7+ Kf4 20.
d3+ Ke5 21. Qe6# 1-0

[Event "AUTO-INT-3941"]
[Site "http://www.queenalice.com/game.php?id=1861293"]
[Date "2025.8.7"]
[Round "1"]
[White "flanny"]
[Black "newgame"]
[Result "1-0"]
[WhiteElo "1698"]
[BlackElo "1491"]

1. e4 c5 2. Bc4 e6 3. Nf3 d5 4. exd5 exd5 5. Bb5+ Bd7 6. Bxd7+ Nxd7 7. d4 c4 8.
Bg5 f6 9. Bh4 g5 10. Bg3 Qe7+ 11. Kf1 Nh6 12. h3 Nf5 13. Nc3 Nxg3+ 14. fxg3
O-O-O 15. b3 Qe3 16. Nxd5 Qe6 17. bxc4 Nb6 18. Nxb6+ Qxb6 19. Kg1 Bd6 20. c5
Bxc5 21. Kh2 Bd6 22. Qd3 g4 23. hxg4 h5 24. g5 fxg5 25. Qf5+ Rd7 26. Rab1 Qa6
27. Ne5 Bxe5 28. Qxe5 g4 29. Qxh8+ Rd8 30. Qxh5 Rxd4 31. Qc5+ Qc6 32. Qxd4 Qh6+
33. Kg1 Qf8 34. Qxg4+ 1-0

[Event "AUTO-INT-3941"]
[Site "http://www.queenalice.com/game.php?id=1861294"]
[Date "2025.8.7"]
[Round "1"]
[White "newgame"]
[Black "flanny"]
[Result "1-0"]
[WhiteElo "1436"]
[BlackElo "1726"]

1. c4 e5 2. Nf3 Nc6 3. e4 Bc5 4. d3 Nf6 5. Nc3 Bb4 6. a3 Bc5 7. Nd5 d6 8. Bg5
Nd4 9. Be2 c6 10. Nxf6+ gxf6 11. Bh4 Rg8 12. Bg3 d5 13. b4 Be7 14. cxd5 cxd5 15.
Nxd4 exd4 16. exd5 Qxd5 17. O-O f5 18. Qa4+ Bd7 19. Qc2 Bc6 20. Bf3 Qe6 21. Rfe1
Qd7 22. Bh5 Rg5 23. Bf3 h5 24. Bxc6 bxc6 25. Rab1 O-O-O 26. Qa4 Rdg8 27. b5 h4
28. bxc6 hxg3 29. cxd7+ Kc7 30. Qxa7+ Kd6 31. Rb6+ Kd5 32. Qb7+ 1-0

[Event "AUTO-OPEN-4612"]
[Site "http://www.queenalice.com/game.php?id=1862299"]
[Date "2025.8.31"]
[Round "1"]
[White "cerenzo72"]
[Black "flanny"]
[Result "1-0"]
[WhiteElo "2161"]
[BlackElo "1591"]

1. b3 e5 2. Bb2 d6 3. e4 Nf6 4. Nc3 a6 5. Nf3 h6 6. Be2 b5 7. a3 c5 8. d3 Bb7 9.
O-O c4 10. bxc4 bxc4 11. d4 exd4 12. Nxd4 Qc7 13. Bf3 Nbd7 14. Nf5 O-O-O 15. Qe2
Re8 16. Ne3 g5 17. Nxc4 Nc5 18. Nd5 Bxd5 19. Bxf6 Rg8 20. Rab1 Bxe4 21. Nb6+ Kb7
22. Nd5+ Kc6 23. Nxc7 Kxc7 24. Bd4 1-0

[Event "AUTO-OPEN-4612"]
[Site "http://www.queenalice.com/game.php?id=1862300"]
[Date "2025.8.31"]
[Round "1"]
[White "flanny"]
[Black "cerenzo72"]
[Result "1-0"]
[WhiteElo "1612"]
[BlackElo "2142"]

1. e4 e5 2. Bc4 Nf6 3. d3 Nc6 4. c3 a5 5. Nf3 Bc5 6. d4 exd4 7. cxd4 Bb4+ 8. Bd2
Nxe4 9. a3 Bxd2+ 10. Nfxd2 d5 11. Bb5 O-O 12. Bd3 Re8 13. O-O Nxd4 14. Nxe4 dxe4
15. Bc4 b5 16. Ba2 c5 17. Nc3 Bb7 18. Qh5 Qe7 19. Rfe1 Nc2 20. Nxb5 Nxa1 21.
Rxa1 e3 22. Qe2 Qg5 23. g3 exf2+ 24. Qxf2 Re7 25. Nd6 Bd5 26. Qxc5 Bxa2 27. Qxg5
Rd7 28. Rxa2 Rxd6 29. b3 Rad8 30. Qxa5 g6 31. Rf2 Kg7 32. Qe5+ Kg8 33. a4 Rd4
34. a5 Rb4 35. Qf6 Rd7 36. Rc2 Rb8 37. Qc6 Rd1+ 38. Kg2 Rxb3 39. Ra2 Rdb1 40. a6
1-0

[Event "AUTO-OPEN-4612"]
[Site "http://www.queenalice.com/game.php?id=1862327"]
[Date "2025.8.31"]
[Round "1"]
[White "bmax"]
[Black "flanny"]
[Result "1-0"]
[WhiteElo "2225"]
[BlackElo "1593"]

1. d4 Nf6 2. Nf3 e6 3. e3 Nc6 4. Bd3 Bb4+ 5. c3 Be7 6. Nbd2 d5 7. O-O h6 8. Re1
g5 9. Ne5 Qd6 10. e4 Nxe5 11. dxe5 Qxe5 12. Nf3 Qd6 13. e5 Qb6 14. exf6 Bxf6 15.
Be3 Qxb2 16. Bd4 Qa3 17. Bxf6 O-O 18. Ne5 Qxc3 19. Qh5 1-0

[Event "AUTO-OPEN-4612"]
[Site "http://www.queenalice.com/game.php?id=1862328"]
[Date "2025.8.31"]
[Round "1"]
[White "flanny"]
[Black "bmax"]
[Result "0-1"]
[WhiteElo "1595"]
[BlackElo "2224"]

1. e4 c6 2. Nf3 d5 3. e5 Bg4 4. h3 Bxf3 5. Qxf3 e6 6. a3 Qb6 7. c3 c5 8. d3 Nc6
9. Qg3 Nge7 10. Be3 Ng6 11. d4 cxd4 12. Bc1 dxc3 13. Qxc3 Ngxe5 14. Bf4 Bd6 15.
Qg3 Qxb2 16. Qxg7 Nf3+ 17. gxf3 Qxg7 0-1

[Event "AUTO-OPEN-4612"]
[Site "http://www.queenalice.com/game.php?id=1862347"]
[Date "2025.8.31"]
[Round "1"]
[White "flanny"]
[Black "SGF"]
[Result "1-0"]
[WhiteElo "1589"]
[BlackElo "1762"]

1. e4 e5 2. Bc4 Qf6 3. Nf3 d6 4. d4 h6 5. dxe5 dxe5 6. Nc3 c6 7. a3 Bc5 8. O-O
Bg4 9. Be2 Bxf3 10. Bxf3 g5 11. Bg4 b5 12. Nd5 cxd5 13. Qxd5 Nc6 14. Qxc5 a6 15.
Rd1 Nd4 16. Qc7 Ne7 17. Bd7+ Kf8 18. Be3 Ndc6 19. Bxc6 Nxc6 20. Rd6 Qe7 21. Qxc6
Kg7 22. Bc5 Qe8 23. Qb6 a5 24. Rad1 Rb8 25. Qxa5 Qc8 26. R1d5 f6 27. h4 gxh4 28.
f4 exf4 29. Rf5 Qd8 30. Rxd8 Rbxd8 31. Qc7+ Kg6 32. Qxf4 Rd1+ 33. Kh2 Rc8 34.
Rxf6+ Kg7 35. Qxh6+ Kg8 36. Qg6+ Kh8 37. Qh6+ Kg8 38. Rg6+ Kf7 39. Qg7+ Ke8 40.
Qe7# 1-0

[Event "AUTO-OPEN-4612"]
[Site "http://www.queenalice.com/game.php?id=1862348"]
[Date "2025.8.31"]
[Round "1"]
[White "SGF"]
[Black "flanny"]
[Result "0-1"]
[WhiteElo "1677"]
[BlackElo "1672"]

1. e4 e5 2. Qf3 Nf6 3. d3 d6 4. Be2 Bg4 5. Qg3 Qd7 6. Bxg4 Nxg4 7. h3 Nf6 8. Nf3
h6 9. h4 Be7 10. Qxg7 Rh7 11. Qg3 Nc6 12. c3 O-O-O 13. Qh3 Ng4 14. O-O Rg8 15.
Nh2 h5 16. Nxg4 hxg4 17. Qe3 Rxh4 18. g3 Rh3 19. a4 Rgh8 20. f3 Rh1+ 21. Kf2
gxf3 22. Rxh1 Rxh1 23. Kxf3 Qh3 24. Qe2 Bh4 25. Qg2 Rh2 26. Qxh3+ Rxh3 27. Nd2
Rxg3+ 28. Ke2 Ne7 29. Nf3 Rg4 30. Nxh4 Rxh4 31. Bg5 Rh2+ 32. Kf3 Ng6 33. b4 c6
34. Kg3 Rc2 35. c4 Rc3 36. Rd1 Kc7 37. Kg4 a6 38. Kf5 b5 39. cxb5 cxb5 40. axb5
axb5 41. Kf6 Nf4 42. Bxf4 exf4 43. Kxf7 f3 44. d4 Re3 45. e5 Kd7 46. Kf6 f2 47.
Rf1 Rf3+ 48. Kg5 dxe5 49. dxe5 Ke6 50. Kg4 Rf5 51. Kg3 Kxe5 52. Rxf2 Rxf2 53.
Kxf2 Kd4 54. Ke2 Kc3 55. Kd1 Kxb4 56. Kc2 Kc4 57. Kb2 b4 58. Kc2 b3+ 59. Kb2 Kb4
60. Ka1 Kc3 61. Kb1 b2 62. Ka2 Kc2 63. Ka3 b1=Q 64. Ka4 Qb6 65. Ka3 Qb5 66. Ka2
Qb2# 0-1

[Event "AUTO-INT-3945"]
[Site "http://www.queenalice.com/game.php?id=1863592"]
[Date "2025.9.30"]
[Round "1"]
[White "renet54"]
[Black "flanny"]
[Result "0-1"]
[WhiteElo "1632"]
[BlackElo "1642"]

1. d4 Nf6 2. Bf4 d5 3. e3 Nc6 4. Nf3 e6 5. c4 Bb4+ 6. Nc3 O-O 7. Qc2 a6 8. cxd5
exd5 9. Bg5 Be7 10. Bxf6 Bxf6 11. e4 Bxd4 12. Nxd5 Re8 13. Bc4 Bg4 14. O-O Bxf3
15. gxf3 Be5 16. Rad1 Qh4 17. Nf6+ gxf6 18. Qb3 Qxh2# 0-1